Border Country Marathon [part 10 of 16] Quiz Stats

 Plays Quiz not verified by Sporcle

Challenge
Share
Tweet
Score 0/40 Timer 05:00
0 Plays Today
% Correct
Finland
97.2%
Sweden
97.2%
Russia
96.3%
Italy
96.3%
India
96.1%
South Africa
95.9%
Egypt
95.9%
Germany
95.8%
France
95.7%
Algeria
95.1%
Iraq
95.1%
Afghanistan
95.1%
Greece
95%
Dominican Republic
95%
Austria
94.7%
Colombia
94.5%
Brazil
94.1%
Sudan
93.9%
Chad
93.8%
Ethiopia
93%
% Correct
Saudi Arabia
92.8%
Tunisia
92.7%
Iran
92.1%
Albania
91.5%
Eritrea
91.5%
Somalia
90.8%
Indonesia
90.6%
Democratic Republic of the Congo
90%
Serbia
89.8%
Liechtenstein
89.1%
Mozambique
88.9%
Guyana
88.8%
Kosovo
88.5%
Malaysia
87.8%
Niger
87.2%
Bulgaria
87%
Namibia
85.8%
China
85.6%
Republic of the Congo (via Cabinda)
83.1%
Zambia
82.6%

You're not logged in!

Compare scores with friends on all Sporcle quizzes.
Join for Free
OR
Log In

You Might Also Like...

Show Comments

Extras

Top Quizzes Today


Score Distribution

Your Account Isn't Verified!

In order to create a playlist on Sporcle, you need to verify the email address you used during registration. Go to your Sporcle Settings to finish the process.

Report this User

Report this user for behavior that violates our Community Guidelines.

Details: